Normal view
MARC view
Entry Término temático
001 - NÚMERO DE CONTROL
- campo de control: 81380
003 - IDENTIFICADOR DEL NÚMERO DE CONTROL
- campo de control: DO-SdBNP
005 - FECHA Y HORA DE LA ÚLTIMA TRANSACCIÓN
- campo de control: 20220328131138.0
008 - DATOS DE LONGITUD FIJA
- campo de control de longitud fija: 220328|| aca||aabn | a|a d
040 ## - FUENTE DE LA CATALOGACIÓN
- Centro catalogador/agencia de origen: DO-SdBNP
- Centro/agencia transcriptor: DO-SdBNP
150 ## - ENCABEZAMIENTO--TÉRMINO DE MATERIA
- Término de materia o nombre geográfico como elemento de entrada: Encuestas de hogares
- Subdivisión geográfica: República Dominicana
670 ## - FUENTE DE DATOS ENCONTRADOS
- Cita de la fuente: Work cat.: (DO-SdBNP)48450: Tactuk, Pablo 5774, Encuesta nacional de hogares de propósitos múltiples ENHOGAR-2015., 2016.
